000 01751cam a2200277 a 4500
020 _a9789251064214
020 _a9251064210
040 _cNLGGC
082 _a639 FOO 2009 A056 Or.
100 1 _aTacon, Albert G. J.
245 1 0 _aFeed ingredients and fertilizers for farmed aquatic animals :
_bsources and composition /
260 _aRome :
_bFood and Agriculture Organization of the United Nations,
_c2009.
300 _aix, 209 p. ;
_c30 cm.
490 1 _aFAO fisheries and aquaculture technical paper,
520 _aPresents an overview of the major feed ingredient sources and feed additives commonly used within industrially compounded aquafeeds, including feed ingredient sources commonly used within farm-made aquafeeds, and major fertilizers and manures used in aquaculture for live food production. Information is provided concerning the proximate and essential amino acid composition of common feed ingredient sources, as well as recommended quality criteria and relative nutritional merits and limitations, together with a bibliography of published feeding studies for major feed ingredient sources by cultured species. Major feed ingredient and fertilizer groupings discussed include: animal protein sources, plant protein sources, single cell protein sources, lipid sources, other plant ingredients, feed additives, and fertilizers and manures.--Publisher's description.
650 0 _aFishes
650 0 _aCrustacea
650 0 _aHatchery fishes
650 0 _aHatchery fishes
650 0 _aHatchery fishes
650 0 _aAquaculture.
700 1 _aHasan, Mohammad R.
710 2 _aFood and Agriculture Organization of the United Nations.
856 4 1 _uhttp://www.fao.org/docrep/012/i1142e/i1142e.pdf
942 _cEK
999 _c15721
_d15721